La torre /
Guardado en:
| Autor Principal: | |
|---|---|
| Formato: | Libro |
| Publicado: |
Buenos Aires :
Sudamericana,
1950.
|
| Materias: | |
| Etiquetas: |
Agregar Etiqueta
Sin Etiquetas, Sea el primero en etiquetar este registro!
|
| LEADER | 00575nam a22001815a 4500 | ||
|---|---|---|---|
| 001 | EHU.bham051983 | ||
| 008 | 240318s1950##################000#0#####d | ||
| 005 | 20240318090321.0 | ||
| 245 | 1 | 0 | |a La torre / |c Eduardo Mallea. |
| 260 | |a Buenos Aires : |b Sudamericana, |c 1950. | ||
| 300 | |a 421 p. | ||
| 100 | 1 | |a Mallea, Eduardo | |
| 082 | A | 8 | |a A863.4 M296-15 |
| 653 | |a Literatura argentina-1920-1980 | ||
| 653 | |a Novela argentina-1920-1980 | ||
| 653 | |a Literatura bahiense-1920-1980 | ||
| 653 | |a Novela bahiense-1920-1980 | ||
| 859 | |a AR-BHAM |b BIB. HUMANIDADES - General |h A863.4 |i M296-15 |p 70.24 |t 1 | ||
